| 000 | 00947nam a2200253 i 4500 | ||
|---|---|---|---|
| 001 | 181898 | ||
| 003 | ES-MaACL | ||
| 005 | 20231019163157.0 | ||
| 008 | 130506s1997 sp | |||| ||spa d | ||
| 020 | _a84-8109-150-2 Galaxia Gutenberg | ||
| 020 | _a84-226-3374-4 Círculo de Lectores | ||
| 080 | _a929 Havel, Olga | ||
| 080 | _a929 Havel, Václav | ||
| 100 | 1 |
_aHavel, Václav ( _d1936-2011) _9152691 |
|
| 245 | 1 | 0 |
_aCartas a Olga _b: consideraciones desde la prisión / _cVáclav Havel ; traducción y edición de Monika Zgustová. |
| 260 |
_aBarcelona : _bGalaxia Gutenberg : _bCírculo de Lectores, _c1997. |
||
| 300 |
_a333 p. ; _c21 cm. |
||
| 600 | 1 | 4 |
_aHavel, Olga. _9152692 |
| 700 | 0 |
_aZgustová, Monika. _9118222 |
|
| 852 |
_aES-MaACL _jA-12587 _9188806 _bR.148754 _cDEPO1 _dOlim: N-5590 _xDonación: Centro Cultural Checo |
||
| 914 |
_9234348 _aCentro Cultural Checo _ednr |
||
| 942 |
_2udc _cMONOGRAFIA |
||
| 999 |
_c181898 _d181898 |
||